| 000 | 00888nam a22002057a 4500 | ||
|---|---|---|---|
| 005 | 20120207120335.0 | ||
| 010 | _aB-470509 | ||
| 020 |
_a9781842368787 _c150.00 |
||
| 035 | _aB-470509 | ||
| 037 |
_adpl _bBlue Berry/Ven |
||
| 082 | _a796.80937 | ||
| 100 |
_aMatthews, Rupert _952663 |
||
| 245 |
_a100 facts Gladiators / _cby Rupert Matthews |
||
| 260 |
_aU.K _bMiles Kelly Pub _c2009 |
||
| 270 |
_a42 Roger Wood/Corbis; 43 Dreamworks/Universal/Pictorial Press; _bU.K _minfo@mileskelly.net |
||
| 300 |
_a48p. _bcol.ill _c29cm. |
||
| 942 |
_2ddc _cCH _mMAT _h796.80937 |
||
| 999 |
_c62160 _d62160 |
||